[Event "Waling Dijkstra Gr-A"]
[Site "Leeuwarden"]
[Date "2009.11.14"]
[Round "4"]
[White "Cabrera Pino, Alexis"]
[Black "Etmans, Maarten D"]
[Result "1-0"]
[WhiteElo "2528"]
[BlackElo "2164"]
[PlyCount "153"]
[EventDate "2009.11.13"]
[EventType "swiss"]
[EventRounds "6"]
[EventCountry "NED"]
[SourceTitle "EXT 2010"]
[Source "ChessBase"]
[SourceDate "2010.11.25"]
[SourceVersion "1"]
[SourceVersionDate "2010.11.25"]
[SourceQuality "1"]

1. e4 e6 2. d4 d5 3. Nc3 dxe4 4. Nxe4 Bd7 5. Nf3 Bc6 6. Bd3 Nd7 7. 0-0 Be7 8. Re1 Ngf6 9. Ng3 0-0 10. c3 b6 11. Qe2 Bb7 12. Nf5 exf5 13. Qxe7 Be4 14. Qxd8 Rfxd8 15. Bc4 h6 16. Ne5 Bd5 17. Bxd5 Nxd5 18. Nc6 Re8 19. Bd2 Re6 20. Rxe6 fxe6 21. Re1 Kf7 22. c4 Ne7 23. Nxe7 Kxe7 24. d5 e5 25. Bc3 Kd6 26. f4 Re8 27. Re3 g6 28. fxe5+ Nxe5 29. b3 a5 30. Bb2 f4 31. Re4 g5 32. Kf1 b5 33. cxb5 Kxd5 34. Ra4 Ng4 35. h3 Ne3+ 36. Kg1 Kc5 37. Bc3 Kxb5 38. Rxa5+ Kb6 39. Re5 Rxe5 40. Bxe5 c5 41. Kf2 Nf5 42. Bc3 c4 43. bxc4 Kc5 44. Be1 Kxc4 45. Kf3 Kd5 46. Bf2 h5 47. h4 gxh4 48. Kxf4 Ng7 49. Bxh4 Ne6+ 50. Kf5 Nd4+ 51. Kf4 Ne6+ 52. Ke3 Nd4 53. Bf2 Ne6 54. Kf3 Ng7 55. Kf4 Ne6+ 56. Kf5 Ng7+ 57. Kf6 Ne6 58. Be3 h4 59. a4 Nc7 60. a5 Ke4 61. Bg5 Kd5 62. Bxh4 Kc6 63. Bg5 Ne8+ 64. Ke5 Nd6 65. a6 Nc4+ 66. Kd4 Nd6 67. Ke5 Nf7+ 68. Kf6 Nd6 69. Be3 Ne4+ 70. Ke5 Ng3 71. Bf2 Nh5 72. a7 Kb7 73. Kf5 Ng7+ 74. Kg6 Ne6 75. Be3 Nc7 76. Kf5 Nd5 77. Bd4 1-0

[Event "Waling Dijkstra Gr-A"]
[Site "Leeuwarden"]
[Date "2009.11.14"]
[Round "2"]
[White "Guliyev, Namig"]
[Black "Etmans, Maarten D"]
[Result "1-0"]
[WhiteElo "2514"]
[BlackElo "2164"]
[PlyCount "47"]
[EventDate "2009.11.13"]
[EventType "swiss"]
[EventRounds "6"]
[EventCountry "NED"]
[SourceTitle "EXT 2010"]
[Source "ChessBase"]
[SourceDate "2010.11.25"]
[SourceVersion "1"]
[SourceVersionDate "2010.11.25"]
[SourceQuality "1"]

1. e4 e6 2. d4 d5 3. Nc3 dxe4 4. Nxe4 Bd7 5. Nf3 Bc6 6. Bd3 Nd7 7. 0-0 Be7 8. c4 Ngf6 9. Nc3 Bxf3 10. Qxf3 c6 11. Be3 0-0 12. Rad1 Qa5 13. a3 a6 14. g4 g6 15. Rfe1 b5 16. g5 Nh5 17. Qxc6 Qd8 18. cxb5 Bxg5 19. bxa6 Bf4 20. Bf1 Qh4 21. Bxf4 Nxf4 22. Qf3 Ra7 23. Re4 g5 24. Qg3 1-0

[Event "Dieren op"]
[Site "Dieren"]
[Date "2007.07.31"]
[Round "7"]
[White "Schenkeveld, Dick"]
[Black "Etmans, Maarten D"]
[Result "1-0"]
[WhiteElo "2060"]
[BlackElo "2207"]
[PlyCount "115"]
[EventDate "2007.07.24"]
[EventType "swiss"]
[EventRounds "9"]
[EventCountry "NED"]
[SourceTitle "CBM 119 Extra"]
[Source "ChessBase"]
[SourceDate "2007.09.04"]
[SourceVersion "1"]
[SourceVersionDate "2007.09.04"]
[SourceQuality "1"]

1. e4 e6 2. d4 d5 3. Nc3 Bb4 4. e5 b6 5. Qg4 Bf8 6. Bg5 Qd7 7. f4 Ba6 8. Nge2 c5 9. 0-0-0 Nc6 10. dxc5 bxc5 11. Ng3 Bxf1 12. Rhxf1 h6 13. Bh4 g6 14. Nge4 Qb7 15. Nxd5 exd5 16. Rxd5 Nd4 17. Rd6 h5 18. Qh3 Rb8 19. b3 Be7 20. Bxe7 Qxe7 21. Nxc5 Nh6 22. Nd7 Rd8 23. Nf6+ Kf8 24. Nd5 Qe8 25. Nf6 Qe7 26. Nd7+ Kg7 27. Rxd4 Nf5 28. Rfd1 Nxd4 29. Rxd4 Rhe8 30. Qd3 Qh4 31. Nf6 Rxe5 32. Nxh5+ Rxh5 33. Rxd8 Qxf4+ 34. Kb2 Rxh2 35. Qc3+ f6 36. Rd7+ Kh6 37. g3 Qf5 38. Rd8 Re2 39. Rh8+ Kg5 40. Rc8 Re4 41. Qd2+ Kg4 42. Qd1+ Kg5 43. Qd2+ Kg4 44. Rc3 Qe5 45. Qd7+ f5 46. Qxa7 g5 47. Qf2 f4 48. Qf3+ Kf5 49. g4+ Kf6 50. a4 Re3 51. Qc6+ Ke7 52. Qc5+ Ke6 53. Qxe5+ Rxe5 54. b4 Re4 55. Kb3 Kd5 56. a5 Re1 57. Rc5+ Ke4 58. a6 1-0

[Event "Wch Seniors 16th"]
[Site "Arvier"]
[Date "2006.09.21"]
[Round "10"]
[White "Etmans, Maarten D"]
[Black "Obukhov, Sergeij"]
[Result "1/2-1/2"]
[WhiteElo "2159"]
[BlackElo "2256"]
[PlyCount "141"]
[EventDate "2006.09.11"]
[EventType "swiss"]
[EventRounds "11"]
[EventCountry "ITA"]
[SourceTitle "CBM 114 Extra"]
[Source "ChessBase"]
[SourceDate "2006.11.03"]
[SourceVersion "1"]
[SourceVersionDate "2006.11.03"]
[SourceQuality "1"]

1. e4 c5 2. Nf3 d6 3. Bb5+ Bd7 4. Bxd7+ Qxd7 5. 0-0 Nf6 6. Qe2 Nc6 7. c3 e6 8. d4 Be7 9. dxc5 dxc5 10. e5 Nd5 11. Rd1 Qc7 12. c4 Nb6 13. Nc3 a6 14. b3 Rd8 15. Rxd8+ Qxd8 16. Bb2 Qc7 17. Rd1 0-0 18. Nd5 exd5 19. cxd5 Nxd5 20. Rxd5 Nb4 21. Rd2 Rd8 22. a3 Rxd2 23. Nxd2 Nd5 24. Qe4 Qd7 25. Nf1 Bf8 26. h3 h5 27. f4 g6 28. f5 gxf5 29. Qh4 Qe6 30. Qxh5 Bg7 31. Qg5 Ne7 32. Nd2 Kf8 33. Qe3 Bh6 34. Qd3 Bxd2 35. Qd8+ Kg7 36. Qxd2 Ng6 37. Qc3 b6 38. a4 Ne7 39. Qd3 Qd5 40. e6+ f6 41. Qg3+ Kf8 42. Qb8+ Kg7 43. Qxb6 f4 44. Qc7 Qxe6 45. Qxf4 Kg6 46. Kh2 Nc6 47. Bc3 Nd4 48. Bxd4 cxd4 49. Qxd4 Qxb3 50. Qf4 Qc2 51. h4 Qc5 52. Kh3 a5 53. Qg4+ Kh6 54. g3 Qc6 55. Qd4 Kg6 56. Kg4 f5+ 57. Kf4 Qc1+ 58. Qe3 Qc7+ 59. Kf3 Qc6+ 60. Kf2 Qc2+ 61. Kg1 Qd1+ 62. Kh2 Qg4 63. Kg2 Kf6 64. Qb6+ Kg7 65. Qc7+ Kf6 66. Qc6+ Ke5 67. Qc5+ Ke6 68. Qb6+ Ke7 69. Qxa5 Qe2+ 70. Kg1 Qe3+ 71. Kg2 1/2-1/2

[Event "Wch Seniors 16th"]
[Site "Arvier"]
[Date "2006.09.18"]
[Round "7"]
[White "Altshul, Raffael"]
[Black "Etmans, Maarten D"]
[Result "1/2-1/2"]
[WhiteElo "2291"]
[BlackElo "2159"]
[PlyCount "80"]
[EventDate "2006.09.11"]
[EventType "swiss"]
[EventRounds "11"]
[EventCountry "ITA"]
[SourceTitle "CBM 114 Extra"]
[Source "ChessBase"]
[SourceDate "2006.11.03"]
[SourceVersion "1"]
[SourceVersionDate "2006.11.03"]
[SourceQuality "1"]

1. d4 e6 2. c4 Bb4+ 3. Bd2 Bxd2+ 4. Qxd2 d5 5. e3 Nf6 6. Nc3 0-0 7. Nf3 c6 8. Bd3 dxc4 9. Bxc4 Nbd7 10. 0-0 e5 11. Rad1 exd4 12. Qxd4 Qe7 13. Qd6 Qxd6 14. Rxd6 Nc5 15. Ng5 Bf5 16. b4 Nce4 17. Ncxe4 Nxe4 18. Nxe4 Bxe4 19. f3 Bg6 20. Rfd1 Rfe8 21. e4 Kf8 22. a4 a6 23. a5 Re7 24. Kf2 Rae8 25. g4 f6 26. h4 Bf7 27. Bf1 Rc7 28. Rd7 Rec8 29. Rxc7 Rxc7 30. Ke3 Ke7 31. Rc1 Rd7 32. g5 Rd6 33. f4 h6 34. gxh6 gxh6 35. Be2 Rd8 36. Rg1 Rc8 37. Rg7 Kf8 38. Rg1 Ke7 39. Rg7 Kf8 40. Rg1 Ke7 1/2-1/2

[Event "Dieren op"]
[Site "Dieren"]
[Date "2006.08.02"]
[Round "8"]
[White "Etmans, Maarten D"]
[Black "Nederlof, Jesper"]
[Result "0-1"]
[WhiteElo "2159"]
[BlackElo "1941"]
[PlyCount "122"]
[EventDate "2006.07.25"]
[EventType "swiss"]
[EventRounds "9"]
[EventCountry "NED"]
[SourceTitle "CBM 113 Extra"]
[Source "ChessBase"]
[SourceDate "2006.09.14"]
[SourceVersion "1"]
[SourceVersionDate "2006.09.14"]
[SourceQuality "1"]

1. e3 d5 2. b3 e5 3. d4 e4 4. a4 f5 5. Ba3 Bxa3 6. Nxa3 Nf6 7. Nh3 c6 8. c3 Qe7 9. g3 Nbd7 10. Nf4 g5 11. Ng2 h6 12. h4 Rg8 13. Be2 Nf8 14. Nc2 Ne6 15. c4 Bd7 16. c5 Kf7 17. Qd2 Raf8 18. 0-0-0 b6 19. cxb6 axb6 20. Kb2 Ra8 21. Ra1 c5 22. hxg5 hxg5 23. Qc3 Rgc8 24. dxc5 bxc5 25. Bh5+ Kg8 26. Qe5 Qg7 27. Be2 c4 28. b4 Re8 29. Nd4 Nxd4 30. Qxd4 Bxa4 31. Kc3 Reb8 32. Rhb1 Qe7 33. Ne1 Kf7 34. Qc5 Qxc5 35. bxc5 Bb3 36. Kd4 Ke6 37. Bd1 Bxd1 38. Rxd1 Nd7 39. Rdb1 Rxb1 40. Rxb1 Rc8 41. Rb5 Ne5 42. Rb6+ Nc6+ 43. Kc3 Kd7 44. Nc2 Rb8 45. Rxb8 Nxb8 46. Kd4 Kc6 47. Nb4+ Kb5 48. Na2 Ka4 49. Kxd5 Kb3 50. Nc1+ Kc2 51. Ne2 Kd2 52. Nd4 c3 53. c6 Nxc6 54. Kxc6 Ke1 55. Kd5 Kxf2 56. Nc2 Kxg3 57. Kd4 Kf2 58. Kxc3 g4 59. Kd2 g3 60. Ne1 g2 61. Nxg2 Kxg2 0-1

[Event "Dieren op"]
[Site "Dieren"]
[Date "2006.07.28"]
[Round "4"]
[White "Etmans, Maarten D"]
[Black "Van Geffen, Ben"]
[Result "1-0"]
[WhiteElo "2159"]
[BlackElo "2116"]
[PlyCount "49"]
[EventDate "2006.07.25"]
[EventType "swiss"]
[EventRounds "9"]
[EventCountry "NED"]
[SourceTitle "CBM 113 Extra"]
[Source "ChessBase"]
[SourceDate "2006.09.14"]
[SourceVersion "1"]
[SourceVersionDate "2006.09.14"]
[SourceQuality "1"]

1. e3 g6 2. Nf3 Bg7 3. Be2 d5 4. d4 Nf6 5. c4 dxc4 6. Bxc4 0-0 7. Nc3 c5 8. 0-0 cxd4 9. exd4 Bg4 10. Be3 Nc6 11. d5 Bxf3 12. Qxf3 Ne5 13. Qe2 Nxc4 14. Qxc4 Rc8 15. Qb3 b6 16. Rad1 Qd7 17. h3 Rfd8 18. Rfe1 Qf5 19. Bd4 Rd7 20. Re5 Qf4 21. Re3 Ng4 22. hxg4 Bxd4 23. Ne2 Bxe3 24. Nxf4 Bxf4 25. Qa4 1-0

[Event "Dieren op"]
[Site "Dieren"]
[Date "2006.07.25"]
[Round "1"]
[White "Senff, Martin"]
[Black "Etmans, Maarten D"]
[Result "1-0"]
[WhiteElo "2464"]
[BlackElo "2159"]
[PlyCount "41"]
[EventDate "2006.07.25"]
[EventType "swiss"]
[EventRounds "9"]
[EventCountry "NED"]
[SourceTitle "CBM 113 Extra"]
[Source "ChessBase"]
[SourceDate "2006.09.14"]
[SourceVersion "1"]
[SourceVersionDate "2006.09.14"]
[SourceQuality "1"]

1. e4 e6 2. d4 d5 3. Nc3 Bb4 4. exd5 Qxd5 5. Nf3 Nf6 6. Be2 Ne4 7. Qd3 0-0 8. 0-0 Nxc3 9. bxc3 Be7 10. Bf4 c6 11. a4 Nd7 12. a5 Nf6 13. Ne5 Qe4 14. Qd2 Nd5 15. Bg3 Qf5 16. a6 c5 17. c4 Nb4 18. Bf3 f6 19. Nd3 Nc6 20. axb7 Bxb7 21. Rfb1 1-0

[Event "Dieren op"]
[Site "Dieren"]
[Date "2005.08.02"]
[Round "7"]
[White "Sprangers, Remco"]
[Black "Etmans, Maarten D"]
[Result "1/2-1/2"]
[WhiteElo "2130"]
[BlackElo "2171"]
[PlyCount "123"]
[EventDate "2005.07.26"]
[EventType "swiss"]
[EventRounds "9"]
[EventCountry "NED"]
[SourceTitle "CBM 107 Extra"]
[Source "ChessBase"]
[SourceDate "2005.09.01"]
[SourceVersion "1"]
[SourceVersionDate "2005.09.01"]
[SourceQuality "1"]

1. e4 e6 2. d4 d5 3. Nc3 Bb4 4. e5 b6 5. Qg4 Bf8 6. Bg5 Qd7 7. Nh3 Ba6 8. Bxa6 Nxa6 9. 0-0 c5 10. dxc5 bxc5 11. Rad1 Nc7 12. Ne4 h5 13. Qh4 Qc6 14. Ng3 Ne7 15. Nxh5 Ng6 16. Qg4 Nxe5 17. Qe2 Nd7 18. Bf4 g6 19. Bxc7 Rxh5 20. Bg3 Bd6 21. c4 Kf8 22. cxd5 exd5 23. Nf4 Re8 24. Qf3 Bxf4 25. Bxf4 Ne5 26. Qa3 Kg8 27. Rfe1 Rf5 28. Bg3 c4 29. Qxa7 Nd3 30. Re3 Rxe3 31. Qxe3 Nxb2 32. Rc1 Qe6 33. Qc3 Nd3 34. Rb1 Kh7 35. h3 Qf6 36. Qc2 Qd4 37. Rb8 Rf6 38. Rb7 Kg7 39. Qe2 Nf4 40. Qe8 Qe4 41. Qxe4 dxe4 42. Bxf4 Rxf4 43. Rc7 Rf6 44. Rxc4 Ra6 45. a4 f5 46. Kf1 Kf6 47. Ke2 Ke5 48. Kd2 Kd5 49. Kc3 f4 50. Rd4+ Ke5 51. Rb4 Rc6+ 52. Rc4 Rd6 53. f3 e3 54. a5 Kf5 55. Ra4 Re6 56. Ra1 Ra6 57. Kd3 g5 58. Ke2 Kg6 59. Ra4 Kh5 60. g3 fxg3 61. Kxe3 Re6+ 62. Kd2 1/2-1/2

[Event "EU-ch Seniors 04th"]
[Site "Arvier"]
[Date "2004.09.18"]
[Round "9"]
[White "Etmans, Maarten D"]
[Black "Birens, Eric Andre"]
[Result "1-0"]
[WhiteElo "2213"]
[BlackElo "2116"]
[PlyCount "89"]
[EventDate "2004.09.10"]
[EventType "swiss"]
[EventRounds "9"]
[EventCountry "ITA"]
[SourceTitle "CBM 102 Extra"]
[Source "ChessBase"]
[SourceDate "2004.11.03"]
[SourceVersion "1"]
[SourceVersionDate "2004.11.03"]
[SourceQuality "1"]

1. e4 c5 2. Nf3 d6 3. Bb5+ Nd7 4. 0-0 Ngf6 5. Re1 a6 6. Bxd7+ Nxd7 7. c3 g6 8. d4 Bg7 9. e5 0-0 10. exd6 exd6 11. Bf4 cxd4 12. Bxd6 Re8 13. cxd4 Nf6 14. Rxe8+ Nxe8 15. Be5 f6 16. Qb3+ Kh8 17. Bg3 b5 18. Nc3 Bb7 19. d5 Qd7 20. Re1 Bf8 21. a3 Rd8 22. h3 Ng7 23. Rd1 Nf5 24. Bh2 Re8 25. Kf1 Kg7 26. Ne2 Bd6 27. Bxd6 Qxd6 28. g3 Rd8 29. Nf4 Bc8 30. Rc1 Ne7 31. Kg2 Bf5 32. Ne6+ Bxe6 33. dxe6 Nd5 34. Re1 Re8 35. Rd1 Rd8 36. e7 Nf4+ 37. gxf4 Qxe7 38. Rxd8 Qxd8 39. Qe3 Qd6 40. Qd4 Qc6 41. Kg3 h6 42. Qc3 Qd6 43. h4 Qd7 44. Nd4 h5 45. Qc7 1-0

[Event "EU-ch Seniors 04th"]
[Site "Arvier"]
[Date "2004.09.14"]
[Round "5"]
[White "Etmans, Maarten D"]
[Black "Chernikov, Oleg L"]
[Result "1/2-1/2"]
[WhiteElo "2213"]
[BlackElo "2412"]
[PlyCount "44"]
[EventDate "2004.09.10"]
[EventType "swiss"]
[EventRounds "9"]
[EventCountry "ITA"]
[SourceTitle "CBM 102 Extra"]
[Source "ChessBase"]
[SourceDate "2004.11.03"]
[SourceVersion "1"]
[SourceVersionDate "2004.11.03"]
[SourceQuality "1"]

1. e4 c5 2. Nf3 d6 3. Bb5+ Bd7 4. Bxd7+ Nxd7 5. 0-0 Ngf6 6. Qe2 e6 7. c3 Be7 8. d4 0-0 9. e5 Ne8 10. exd6 Nxd6 11. Rd1 Qe8 12. Bf4 Nc8 13. Nbd2 Bd6 14. Bxd6 Nxd6 15. Ne4 Nxe4 16. Qxe4 Rb8 17. c4 Nf6 18. Qf4 cxd4 19. Qxd4 Qa4 20. Ne5 Rbc8 21. Rd3 Qb4 22. a3 Qc5 1/2-1/2